000 00283nam a22001217a 4500
008 170615b xxu||||| |||| 00| 0 eng d
041 _aeng
080 _a94
100 _a16
101 _aSHH
245 _aA PIONEER HISTORY OF BECKER COUNTY MINNESOTA
_cWILCOX,A.H
942 _2udc
_cBK
999 _c17446
_d17446